Thiết kế mẫu và tạo ảnh nghệ thuật bằng hiệu ứng Photoshop
Đã lưu trong:
| 格式: | 圖書 |
|---|---|
| 語言: | Undetermined |
| 出版: |
Hà Nội
Lao động - Xã hội
2003
|
| 主題: | |
| 標簽: |
添加標簽
沒有標簽, 成為第一個標記此記錄!
|
| Thư viện lưu trữ: | Trung tâm Học liệu Trường Đại học Cần Thơ |
|---|
| LEADER | 00587nam a2200181Ia 4500 | ||
|---|---|---|---|
| 001 | CTU_60497 | ||
| 008 | 210402s9999 xx 000 0 und d | ||
| 020 | |c 70000 | ||
| 082 | |a 006.68 | ||
| 082 | |b Th308 | ||
| 245 | 0 | |a Thiết kế mẫu và tạo ảnh nghệ thuật bằng hiệu ứng Photoshop | |
| 245 | 0 | |c Lê Tân, La Yến biên dịch | |
| 260 | |a Hà Nội | ||
| 260 | |b Lao động - Xã hội | ||
| 260 | |c 2003 | ||
| 650 | |a Photoshop ( computer programs ) | ||
| 904 | |i Minh,Hải | ||
| 980 | |a Trung tâm Học liệu Trường Đại học Cần Thơ | ||